Development and social change : a global perspective /

Bibliographic Details
Main Author: McMichael, Philip
Format: Book
Language:English
Published: Thousand Oaks, Calif. : Pine Forge Press, [1996]
Series:Sociology for a new century.
Subjects:

MARC

Tag First Indicator Second Indicator Subfields
LEADER 00000cam a2200000 a 4500
001 in00001820113
005 20151026061147.0
008 950815s1996 caua b 001 0 eng
010 |a  95020533  
015 |a GB96-60760 
019 |a 35599548 
020 |a 0803990669 (pbk.) 
035 |a (OCoLC)ocm33104295 
040 |a DLC  |c DLC  |d UKM  |d TXA  |d UtOrBLW 
049 |a TXAM 
050 0 0 |a HC79.E44  |b M25 1996 
082 0 0 |a 306.3/09  |2 20 
100 1 |a McMichael, Philip. 
245 1 0 |a Development and social change :  |b a global perspective /  |c Philip McMichael. 
264 1 |a Thousand Oaks, Calif. :  |b Pine Forge Press,  |c [1996] 
264 4 |c ©1996 
300 |a xix, 310 pages :  |b illustrations ;  |c 23 cm. 
336 |a text  |b txt  |2 rdacontent 
337 |a unmediated  |b n  |2 rdamedia 
338 |a volume  |b nc  |2 rdacarrier 
490 1 |a Sociology for a new century 
504 |a Includes bibliographical references (pages [273]-289) and index. 
536 |a From the Library of Dr. James H. Copp, February 2004. 
650 0 |a Economic development projects  |x History. 
650 0 |a Economic development  |x History. 
650 0 |a Competition, International  |x History. 
653 0 |a Economic conditions  |a Related to  |a Sociology  |a History 
830 0 |a Sociology for a new century. 
948 |a cataloged  |b h  |c 2004/5/14  |d c  |e ceaton  |f 12:02:50 pm 
994 |a E0  |b TXA 
999 |a MARS 
999 f f |s 6c5b5a3c-c258-356e-96cc-31d63cb0d5af  |i b93221c2-9f1d-3980-a352-1d71dd162aa0  |t 0 
952 f f |p normal  |a Texas A&M University  |b College Station  |c Sterling C. Evans Library  |d Evans: Library Stacks  |t 0  |e HC79.E44 M25 1996  |h Library of Congress classification  |i unmediated -- volume  |m A14831917287 
998 f f |a HC79.E44 M25 1996  |t 0  |l Evans: Library Stacks